| 000 | 00712cab a2200205 4500 | ||
|---|---|---|---|
| 001 | ABS37066 | ||
| 008 | 090401t1986 xxu||||| |||| 00| 0 eng d | ||
| 035 | _a(Sirsi) u2039 | ||
| 041 | _aeng | ||
| 245 | _aOverseas construction | ||
| 260 | _c1986 | ||
| 350 | _a0 | ||
| 490 |
_aBritish Business _v23 (5) 31 October 1986, 22-31 (7) |
||
| 520 | _aDescribes the overseas work of British construction companies based on information given to the DOE by seventy companies. The text is divided into six sections: Europe , Oceania , Africa , Hong Kong and Asia | ||
| 650 | _aCONSTRUCTION INDUSTRY | ||
| 650 |
_aContracts _96232 |
||
| 690 | _aBUILDING AND CONSTRUCTION-OVERSEAS | ||
| 942 | _n0 | ||
| 948 | _c04/03/1997 | ||
| 999 |
_c1213 _d1213 |
||